[Event "Belgrade Gligoric Memorial"]
[Site "Belgrade"]
[Date "2022.07.20"]
[Round "5"]
[White "Stoyanov, Tsvetan"]
[Black "Granovskiy, Alexandr"]
[Result "1-0"]
[WhiteElo "2450"]
[BlackElo "2177"]
[PlyCount "77"]
[EventDate "2022.07.17"]
[EventType "swiss"]
[EventRounds "9"]
[EventCountry "SRB"]
[SourceTitle "CBM 209 Extra"]
[Source "ChessBase"]
[SourceDate "2022.09.30"]
[SourceVersion "1"]
[SourceVersionDate "2022.09.30"]
[SourceQuality "1"]

1. e4 c5 2. Nf3 e6 3. d4 cxd4 4. Nxd4 Nf6 5. Nc3 Nc6 6. Ndb5 Bc5 7. Bf4 0-0 8. Bc7 Qe7 9. Bd6 Bxd6 10. Qxd6 Qd8 11. Nc7 Rb8 12. Be2 b5 13. e5 Ne8 14. Nxe8 Rxe8 15. 0-0 b4 16. Ne4 Bb7 17. Nc5 Ne7 18. Bd3 Bc6 19. Qd4 Nd5 20. Ne4 f5 21. exf6 Nxf6 22. Nd6 Rf8 23. f4 Qb6 24. Qxb6 Rxb6 25. Nc4 Rbb8 26. f5 exf5 27. Rxf5 Nd5 28. Rxf8+ Rxf8 29. Ne5 Nf4 30. Bf1 Be4 31. Nxd7 Rc8 32. g3 Ng6 33. Re1 Bf5 34. Ne5 Rxc2 35. Bc4+ Kf8 36. Rf1 Ke7 37. Rxf5 Nxe5 38. Rxe5+ Kd6 39. Re6+ 1-0

[Event "Belgrade Serbia op"]
[Site "Belgrade"]
[Date "2021.07.08"]
[Round "9"]
[White "Granovskiy, Alexandr"]
[Black "Maerevoet, Sim"]
[Result "1/2-1/2"]
[WhiteElo "2255"]
[BlackElo "2384"]
[PlyCount "23"]
[EventDate "2021.07.02"]
[EventType "swiss"]
[EventRounds "9"]
[EventCountry "SRB"]
[SourceTitle "EXT 2022"]
[Source "ChessBase"]
[SourceDate "2021.10.06"]
[SourceVersion "1"]
[SourceVersionDate "2021.10.06"]
[SourceQuality "1"]

1. d4 d5 2. c4 e6 3. Nf3 Nf6 4. Bg5 Bb4+ 5. Nbd2 dxc4 6. Qa4+ Nc6 7. e3 Qd5 8. Bxf6 gxf6 9. Qc2 Na5 10. Qa4+ Nc6 11. Qc2 Na5 12. Qa4+ 1/2-1/2

[Event "Pardubice Czech op-A 28th"]
[Site "Pardubice"]
[Date "2017.07.24"]
[Round "4"]
[White "Biolek, Richard Jr"]
[Black "Granovskiy, Alexandr"]
[Result "1/2-1/2"]
[WhiteElo "2437"]
[BlackElo "2282"]
[PlyCount "99"]
[EventDate "2017.07.21"]
[EventType "swiss"]
[EventRounds "9"]
[EventCountry "CZE"]
[SourceTitle "CBM 179 Extra"]
[Source "ChessBase"]
[SourceDate "2017.08.23"]
[SourceVersion "1"]
[SourceVersionDate "2017.08.23"]
[SourceQuality "1"]

1. e4 e5 2. Nf3 Nc6 3. Bb5 Nge7 4. 0-0 g6 5. c3 Bg7 6. d4 exd4 7. cxd4 d5 8. Bxc6+ bxc6 9. e5 0-0 10. h3 f6 11. exf6 Bxf6 12. Bh6 Re8 13. Nc3 Nf5 14. Bf4 Rb8 15. Qa4 Bd7 16. Ne5 Rxb2 17. Qxa7 Rc2 18. Rac1 Rxc1 19. Rxc1 Nd6 20. Rb1 Bxe5 21. dxe5 Nb5 22. Rxb5 cxb5 23. Nxd5 Rf8 24. Nf6+ Kh8 25. Bh6 Rxf6 26. exf6 Be6 27. Be3 Kg8 28. Bd4 Bf7 29. a3 c6 30. Bc5 h6 31. Be7 Qc8 32. Qd4 Bd5 33. Qf4 g5 34. Qg3 Qf5 35. Qb8+ Kh7 36. Qc7 Qe6 37. h4 gxh4 38. Qf4 h3 39. Qg3 Qg8 40. Qxh3 Qg5 41. Qd3+ Qg6 42. Qf1 Qg4 43. f4 Kg6 44. Qf2 Kf7 45. Bd8 Qd1+ 46. Kh2 Qh5+ 47. Kg1 Qd1+ 48. Kh2 Qh5+ 49. Kg3 Qg6+ 50. Kh2 1/2-1/2

[Event "Pardubice op rapid 28th"]
[Site "Pardubice"]
[Date "2017.07.20"]
[Round "9"]
[White "Granovskiy, Alexandr"]
[Black "Glek, Igor Vladimirovich"]
[Result "0-1"]
[WhiteElo "2282"]
[BlackElo "2430"]
[PlyCount "78"]
[EventDate "2017.07.19"]
[EventType "swiss (rapid)"]
[EventRounds "9"]
[EventCountry "CZE"]
[SourceTitle "CBM 179 Extra"]
[Source "ChessBase"]
[SourceDate "2017.08.23"]
[SourceVersion "1"]
[SourceVersionDate "2017.08.23"]
[SourceQuality "1"]

1. d4 e6 2. e4 b6 3. Bd3 Bb7 4. Qe2 g6 5. f4 Bg7 6. Nf3 Ne7 7. c3 0-0 8. 0-0 c5 9. Be3 d6 10. Nbd2 Nd7 11. Kh1 Qc7 12. Bf2 h6 13. Bh4 Rae8 14. Bxe7 Rxe7 15. e5 cxd4 16. cxd4 dxe5 17. fxe5 Bd5 18. Ne4 Qb8 19. Nd6 Rd8 20. h4 Nf8 21. Ne4 Bxe4 22. Bxe4 b5 23. Rac1 Nd7 24. h5 gxh5 25. Bd3 b4 26. Qe4 Nf8 27. Qh4 Rc7 28. Rxc7 Qxc7 29. Qxh5 Qe7 30. Re1 Nd7 31. Kh2 Nb6 32. Re4 Nd5 33. Bc4 f5 34. Re1 a5 35. Bxd5 Rxd5 36. Rc1 Rd8 37. Rc5 Rxd4 38. Qg6 Rd8 39. Rc1 Qf7 0-1

[Event "Pardubice Czech op-B 27th"]
[Site "Pardubice"]
[Date "2016.07.23"]
[Round "2"]
[White "Granovskiy, Alexandr"]
[Black "Shevchenko, Tanya"]
[Result "1-0"]
[WhiteElo "2292"]
[BlackElo "2004"]
[PlyCount "127"]
[EventDate "2016.07.22"]
[EventType "swiss"]
[EventRounds "9"]
[EventCountry "CZE"]
[SourceTitle "CBM 173 Extra"]
[Source "ChessBase"]
[SourceDate "2016.08.29"]
[SourceVersion "1"]
[SourceVersionDate "2016.08.29"]
[SourceQuality "1"]

1. e4 g6 2. d4 Bg7 3. Nc3 d6 4. Be3 c6 5. f4 Nf6 6. h3 b5 7. e5 Nfd7 8. Qf3 b4 9. Ne4 0-0 10. Bd3 Nb6 11. Ne2 Bb7 12. 0-0 c5 13. dxc5 dxc5 14. Nf6+ exf6 15. Qxb7 N8d7 16. Rad1 fxe5 17. f5 Qc8 18. Ba6 Qxb7 19. Bxb7 Rad8 20. b3 Rfe8 21. Ng3 Bf8 22. Bc6 gxf5 23. Nxf5 Re6 24. Bb5 a6 25. Bxa6 Ra8 26. Bb5 Nf6 27. Be2 Nfd5 28. Bh5 Ra7 29. Bc1 f6 30. Rf3 Kh8 31. Rg3 e4 32. Bb2 e3 33. Re1 Nf4 34. Rexe3 Nxh5 35. Rxe6 Nxg3 36. Rxf6 Bg7 37. Nxg7 Kxg7 38. Rxb6+ Kg8 39. Kf2 Rxa2 40. Rb8+ Kf7 41. Be5 Nf5 42. Kf3 Rxc2 43. Ke4 Ne7 44. Bd6 Nc6 45. Rc8 Rxg2 46. Rxc6 Rb2 47. Bxc5 Rxb3 48. Be3 Rb2 49. Rc7+ Kg6 50. Rg7+ Kxg7 51. Bd4+ Kg6 52. Bxb2 Kg5 53. Kf3 Kh4 54. Kg2 Kh5 55. Kg3 b3 56. h4 Kh6 57. Kg4 Kg6 58. Bc3 Kh6 59. Bd2+ Kg6 60. Bc1 Kg7 61. Kg5 h6+ 62. Kf5 Kf7 63. Bb2 Kg8 64. Kg6 1-0

[Event "Moscow Botvinnik Memorial-A"]
[Site "Moscow"]
[Date "2015.12.13"]
[Round "6"]
[White "Smirnov, Timofey"]
[Black "Granovskiy, Alexandr"]
[Result "1/2-1/2"]
[WhiteElo "2301"]
[BlackElo "2282"]
[PlyCount "109"]
[EventDate "2015.12.03"]
[EventType "tourn"]
[EventRounds "9"]
[EventCountry "RUS"]
[EventCategory "2"]
[SourceTitle "CBM 170 Extra"]
[Source "ChessBase"]
[SourceDate "2016.02.25"]
[SourceVersion "1"]
[SourceVersionDate "2016.02.25"]
[SourceQuality "1"]

1. e4 e5 2. Nf3 Nc6 3. Bb5 a6 4. Ba4 Nge7 5. 0-0 g6 6. c3 Bg7 7. d4 exd4 8. cxd4 0-0 9. Nc3 b5 10. Bb3 d6 11. h3 Bb7 12. Bg5 Qd7 13. Nd5 Nxd5 14. Bxd5 Na5 15. Bxb7 Nxb7 16. Rc1 Rac8 17. b3 Rfe8 18. Re1 c5 19. dxc5 Nxc5 20. Qd5 Qe6 21. Qxe6 Nxe6 22. Be3 Nc5 23. Bd4 Nd3 24. Rxc8 Rxc8 25. Rd1 Rc1 26. Rf1 Rxf1+ 27. Kxf1 Nc1 28. Ke1 Nxa2 29. Bxg7 Kxg7 30. Kd2 Kf6 31. Nd4 Ke7 32. f4 Kd7 33. Nf3 f6 34. g4 Nb4 35. h4 d5 36. e5 fxe5 37. Nxe5+ Ke6 38. Kc3 a5 39. Nf3 Nc6 40. Ng5+ Ke7 41. Nxh7 d4+ 42. Kd2 a4 43. bxa4 bxa4 44. Ng5 a3 45. Kc1 Nb4 46. Kb1 Nd5 47. Ka2 d3 48. Nf3 Nxf4 49. Kxa3 Kd6 50. Kb2 Kd5 51. h5 gxh5 52. gxh5 Ke4 53. Nd2+ Ke3 54. Kc1 Nxh5 55. Kd1 1/2-1/2

[Event "Moscow-chT"]
[Site "Moscow"]
[Date "2015.10.15"]
[Round "1.1"]
[White "Granovskiy, Alexandr"]
[Black "Mozharov, Mikhail"]
[Result "0-1"]
[WhiteElo "2277"]
[BlackElo "2573"]
[PlyCount "66"]
[EventDate "2015.10.15"]
[EventType "team-swiss"]
[EventRounds "9"]
[EventCountry "RUS"]
[SourceTitle "CBM 168 Extra"]
[Source "ChessBase"]
[SourceDate "2015.10.29"]
[SourceVersion "1"]
[SourceVersionDate "2015.10.29"]
[SourceQuality "1"]
[WhiteTeam "Palace"]
[BlackTeam "Kalinichev Andrei"]
[WhiteTeamCountry "RUS"]
[BlackTeamCountry "RUS"]

1. d4 Nf6 2. Bg5 d5 3. Bxf6 gxf6 4. e3 c5 5. c3 e6 6. Nf3 Nc6 7. Be2 f5 8. 0-0 Qb6 9. Qc2 Bd7 10. Nbd2 Rc8 11. Rac1 cxd4 12. exd4 Bh6 13. Qb1 0-0 14. Rcd1 Qc7 15. Nb3 b6 16. Rfe1 Kh8 17. Ba6 Rb8 18. Bf1 Rg8 19. Qd3 Bf4 20. Qe2 Rg4 21. h3 Rg7 22. Ne5 Ne7 23. Nxd7 Qxd7 24. Nc1 Rbg8 25. Nd3 Ng6 26. g3 Bd6 27. Kh1 Qd8 28. Ne5 f4 29. Qf3 Bxe5 30. dxe5 Qg5 31. Bd3 Nxe5 32. Qxf4 Qxf4 33. gxf4 Nf3 0-1

[Event "Moscow-chT"]
[Site "Moscow"]
[Date "2014.10.04"]
[Round "5.5"]
[White "Babikov, Ivan"]
[Black "Granovskiy, Alexandr"]
[Result "1-0"]
[WhiteElo "2273"]
[BlackElo "2288"]
[PlyCount "91"]
[EventDate "2014.09.27"]
[EventType "team-tourn"]
[EventRounds "11"]
[EventCountry "RUS"]
[SourceTitle "CBM 162 Extra"]
[Source "ChessBase"]
[SourceDate "2014.10.17"]
[SourceVersion "1"]
[SourceVersionDate "2014.10.17"]
[SourceQuality "1"]
[WhiteTeam "Karpov Chess School"]
[BlackTeam "Palace"]
[WhiteTeamCountry "RUS"]
[BlackTeamCountry "RUS"]

1. e4 e5 2. Nf3 Nc6 3. Nc3 g6 4. Bc4 Bg7 5. h4 Na5 6. Be2 d6 7. d4 Bg4 8. d5 c5 9. Bg5 f6 10. Be3 Ne7 11. Nd2 Bd7 12. h5 a6 13. a3 b6 14. b4 Nb7 15. b5 axb5 16. Bxb5 Na5 17. Rb1 0-0 18. Bxd7 Qxd7 19. Rxb6 f5 20. f3 f4 21. Bf2 Rfb8 22. Rxb8+ Rxb8 23. hxg6 hxg6 24. Qa1 Qb7 25. 0-0 Qb2 26. Rb1 Qxa1 27. Rxa1 Rb2 28. Ra2 Rb8 29. Bh4 Kf7 30. Bxe7 Kxe7 31. Kf1 Bf6 32. Ke2 Kd7 33. Ra1 Rh8 34. Rb1 Rh2 35. Kf2 Bd8 36. Na4 Rh8 37. Nb2 Bh4+ 38. Ke2 Rb8 39. Kd3 Bf2 40. Nbc4 Rxb1 41. Nxb1 Nb7 42. a4 Be1 43. c3 Bh4 44. a5 Kc7 45. Nba3 Nd8 46. Nb5+ 1-0